000 03293nam a2200517 a 4500
001 000103303
003 CHAP
005 20241007110517.0
007 cr ||||||a|c|a
008 101112s2010 mx r 00010 spa d
035 _a111424
040 _cCHAP
090 _aTesis
100 1 _aSandoval Romero, Fermín.
_9102160
245 1 0 _aValoración económica del agua potable en la delegación Iztapalapa, DF.
_c/por Fermin Sandoval Romero; director de tesis Ramón Valdivia Alcalá.
264 _aChapingo, Méx. :
_bEl autor,
_c2010.
300 _a1 recurso en línea (113 páginas):
_bcuadros, gráficas.
336 _2rdacontent
_atexto
_btxt
337 _2rdamedia
_acomputadora
_bc
338 _2rdacarrier
_arecursos en línea
_bcr
502 _bMCEARN
_cDICEA
_d2010.
_gMAE
520 _aEn la presente investigación se abordó la problemática que existe en la Delegación Iztapalapa para el caso del agua potable, esta Delegación es la más poblada del DF y la que más problemas de agua presenta, cuenta con 1, 820,888 habitantes y los problemas de agua afectan a toda la Delegación sobre todo a las zonas más marginadas como son las que se encuentra en las faldas de la Sierra de Santa Catarina, Santa Catarina y San Lorenzo Tezonco. La problemática principal en la Delegación es la calidad y escasez del agua, ya que el 42% de los entrevistados tiene una percepción de contaminación alta del agua, 38% tiene una percepción de contaminación regular y 12% muy alta, en cuanto a la escasez del agua 39% nos dice que la escases es alta, 42% dice que es regular y 12% dice que es muy alta. Para esta investigación se utilizó el método de valoración contingente, para lo cual se realizaron 95 encuestas a usuarios y así se recabó la información necesaria para poder obtener la DAP o VC de los habitantes de la Delegación, la DAP promedio obtenida fue de $62.6315 pudiendo obtener un valor de uso aproximado de $165, 848, 462.5 pesos anuales por el pago del agua. Las variables que más explicaron la DAP fueron precio, edad, escolaridad y sexo y se desecharon estado civil, tamaño familiar, ingreso, calidad del agua percibida y escasez del agua percibida ya que estas no tenían una confiabilidad del 95%.
590 _aALEPH
_b10
_c20130110
590 _aBATCH-UPD
_b10
_c20130110
590 _aBATCH-UPD
_b10
_c20130410
590 _aBATCH-UPD
_b10
_c20130914
590 _aBATCH-UPD
_b10
_c20140324
590 _aBATCH-UPD
_b10
_c20141001
590 _aBATCH-UPD
_b10
_c20141002
590 _aCONVERSION
_b10
_c20130109
590 _aE12093SGE
_b10
_c20130710
590 _aE12093SGE
_b10
_c20130710
650 1 4 _aAgua potable
_xMexico (D.F.)
_92448
650 1 4 _aAgua
_xAbastecimiento
_xCostos.
_92238
650 1 4 _aAgua
_xUtilización.
_92401
650 1 4 _aComunidades rurales.
_926254
650 1 4 _aMarginalidad social.
_971348
700 1 _aValdivia Alcalá, Ramón
_9117308
_eDirector de tesis.
856 _uhttp://10.13.5.2/tesis/111424.pdf
_zDESCARGAR PDF
901 _aBK
942 _cTD
_2Clasificación Universidad Autónoma Chapingo
949 _aTesis
_bBC
_cTES
_d33724002220462
_eTS2
_fc.2
_gDonaciØn
_h51401
_i111424
_sb
949 _aTesis
_bBC
_cTES
_d33724002220470
_eTS1
_gDonaciØn
_h51400
_i111424
_sb
999 _c99766
_d99766